The french revolution : (Record no. 3546)
[ view plain ]
| 000 -LEADER | |
|---|---|
| fixed length control field | 00393nam a2200157Ia 4500 |
| 005 - DATE AND TIME OF LATEST TRANSACTION | |
| control field | 20250109054424.0 |
| 008 - FIXED-LENGTH DATA ELEMENTS--GENERAL INFORMATION | |
| fixed length control field | 240331s9999 xx 000 0 und d |
| 020 ## - INTERNATIONAL STANDARD BOOK NUMBER | |
| ISBN | 0297798030 |
| 082 ## - DDC Classification | |
| Item Number - Author Mark | BOS |
| Class No. | 940 |
| 100 ## - MAIN ENTRY--PERSONAL NAME | |
| Personal name | Bosher, J.F |
| 245 #4 - TITLE STATEMENT | |
| Title | The french revolution : |
| Remainder of title | a new interpretation |
| 260 ## - PUBLICATION, DISTRIBUTION, ETC. | |
| Place of publication, distribution, etc. | London |
| Name of publisher, distributor, etc. | Great Britain |
| Date of publication, distribution, etc. | 1989 |
| 300 ## - PHYSICAL DESCRIPTION | |
| Extent (e.g. Volumes, Pages etc.) | lxi, 353 p ., |
| 500 ## - GENERAL NOTE | |
| General note | A Novel |
| 942 ## - Koha item type (Biblio) | |
| Koha item type | Books in Stacks (Lending) |
| Lost status | Damaged status | Collection code | Home library | Current library | Shelving location | Date acquired | Full call number | Accession Number | Item type |
|---|---|---|---|---|---|---|---|---|---|
| Lending | WERC Library | WERC Library | Social Science Cupboard | 03/31/2024 | 940 BOS | 1163 | Books in Stacks (Lending) |
